[Event "ch-VIE Men"]
[Site "Da Lat VIE"]
[Date "2011.03.21"]
[Round "2.9"]
[White "Nguyen Thien Viet"]
[Black "Bao Khoa"]
[Result "0-1"]
[WhiteElo "2324"]
[BlackElo "2262"]

1.d4 Nf6 2.c4 e6 3.Nf3 b6 4.g3 Ba6 5.Qc2 Bb4+ 6.Bd2 Be7 7.Bg2 O-O 8.O-O Qc8
9.b3 c5 10.dxc5 bxc5 11.Bc3 h6 12.Ng5 hxg5 13.Bxa8 d5 14.cxd5 exd5 15.Bxf6 Bxf6
16.Nc3 Nc6 17.Bxc6 Qxc6 18.Rac1 Re8 19.Rfe1 d4 20.Nb1 Re5 21.Nd2 g4 22.Nc4 Bb7
23.f3 gxf3 24.exf3 Qxf3 25.Rxe5 Qh1+ 26.Kf2 Qxh2+ 27.Ke1 Qxg3+ 28.Qf2 Bxe5
29.Qxg3 Bxg3+ 30.Ke2 f5 31.Na5 Ba6+ 32.Kf3 Bd6 33.b4 c4 34.Nxc4 Bxb4 35.Kf4 Bc3  0-1

[Event "Caissa GM March 2011"]
[Site "Kecskemet HUN"]
[Date "2011.03.21"]
[Round "4.3"]
[White "Natsidis,C"]
[Black "Sax,G"]
[Result "1/2-1/2"]
[WhiteElo "2329"]
[BlackElo "2525"]

1.d4 Nf6 2.c4 e6 3.Nf3 b6 4.g3 Ba6 5.b3 d5 6.Bg2 dxc4 7.Ne5 Bb4+ 8.Kf1 Nfd7
9.Nxf7 Kxf7 10.Bxa8 c6  1/2-1/2

[Event "1st Armen Norouz Cup"]
[Site "Esfahan IRI"]
[Date "2011.03.26"]
[Round "3"]
[White "Javanbakht,N"]
[Black "Mehrabi,Mo"]
[Result "1-0"]
[WhiteElo "2268"]
[BlackElo "1962"]

1.d4 Nf6 2.c4 e6 3.Nf3 b6 4.g3 Ba6 5.b3 b5 6.cxb5 Bxb5 7.Bg2 d5 8.O-O Nbd7
9.Nc3 Ba6 10.Re1 Bb4 11.Bd2 O-O 12.Na4 c5 13.dxc5 Bxc5 14.Nxc5 Nxc5 15.Be3 Qe7
16.Qd4 Nce4 17.Qb2 Rfc8 18.Rac1 Ne8 19.Ne5 N8d6 20.Qa3 Qb7 21.Nd3 Bxd3 22.exd3 Nb5
23.Qb2 Nf6 24.a4 Nd6 25.Bc5 Nf5 26.Bh3 Nd7 27.Ba3 g6 28.Bxf5 gxf5 29.b4 Qa6
30.Qd2 f6 31.Bb2 e5 32.d4 e4 33.Qf4 Qe6 34.a5 Nf8 35.Rxc8 Rxc8 36.Rc1 Rd8
37.Rc7 Rd7 38.Bc1 Rxc7 39.Qxc7 Qd7 40.Qxd7 Nxd7 41.Bf4 Kf7 42.b5  1-0

[Event "ch-Moscow S/F 2011"]
[Site "Moscow RUS"]
[Date "2011.03.27"]
[Round "9"]
[White "Morozov,G"]
[Black "Yakimenko,Alex"]
[Result "1-0"]
[WhiteElo "2335"]
[BlackElo "2224"]

1.d4 e6 2.c4 Nf6 3.Nf3 b6 4.g3 Ba6 5.Nbd2 d5 6.Bg2 Be7 7.cxd5 exd5 8.Ne5 O-O
9.O-O Bb7 10.Qc2 c5 11.dxc5 bxc5 12.Nb3 Qb6 13.Rd1 Na6 14.a3 Nc7 15.Bg5 Rfd8
16.Ng4 Nce8 17.Rac1 c4 18.Nd4 Bc5 19.Nxf6+ Nxf6 20.e3 h6 21.Bxf6 Qxf6 22.b4 Bb6
23.Rd2 Rac8 24.Qc3 Ba8 25.Rcd1 g5 26.Ne2 Qe6 27.Qc2 Rc7 28.Nd4 Qf6 29.Bh3 Bb7
30.Qf5 Qg7 31.Bg2 Bc8 32.Qc2 Be6 33.a4 Qf6 34.Nb5 Rcd7 35.a5 a6 36.Nc3 Bf5
37.Qc1 d4 38.axb6 dxc3 39.Rxd7 Rxd7 40.b7 Qe5 41.Rxd7 Bxd7 42.f4 gxf4 43.gxf4 Qd6
44.Qxc3 Bf5  1-0

[Event "Karposh Open"]
[Site "Skopje MKD"]
[Date "2011.04.02"]
[Round "1"]
[White "Mitkov,M"]
[Black "Stojkovska,M"]
[Result "1-0"]
[WhiteElo "2401"]
[BlackElo "1914"]

1.d4 Nf6 2.c4 e6 3.Nf3 b6 4.g3 Ba6 5.Qa4 c5 6.dxc5 Bxc5 7.Bg2 Bb7 8.O-O O-O
9.Nc3 d5 10.Rd1 Qe7 11.cxd5 Nxd5 12.Ne4 Nd7 13.Nxc5 Nxc5 14.Qa3 Rfe8 15.Nd4 a6
16.e4 Nc7 17.f3 Nb5 18.Qb4 Nxd4 19.Rxd4 e5 20.Rd1 Qe6 21.Be3 a5 22.Qa3 Rac8
23.Rac1 Nd7 24.Rxc8 Bxc8 25.Rd6 Qc4 26.Bf1 Qc7 27.Bb5 Re6 28.Rxe6 fxe6 29.Qe7 h6
30.Qxe6+ Kh7 31.Qc6 Qxc6 32.Bxc6 Nc5 33.Bd2 Nd3 34.Bb5 Nxb2 35.Bc3 Nd1 36.Bxe5 Be6
37.Bd4 Bxa2 38.Ba4 b5 39.Bxd1 Bc4 40.Bb6 a4 41.Bc5 Kg6 42.Kf2  1-0

[Event "Telin International Open"]
[Site "Jakarta INA"]
[Date "2011.04.07"]
[Round "9.2"]
[White "Irwanto,S"]
[Black "Barus,C"]
[Result "0-1"]
[WhiteElo "2417"]
[BlackElo "2443"]

1.d4 Nf6 2.c4 e6 3.Nf3 b6 4.g3 Ba6 5.b3 Bb7 6.Bg2 Bb4+ 7.Bd2 a5 8.O-O O-O
9.Nc3 d6 10.a3 Bxc3 11.Bxc3 Nbd7 12.Qc2 Be4 13.Qb2 Qb8 14.b4 axb4 15.axb4 Qb7
16.h3 h6 17.Rfe1 b5 18.c5 Bd5 19.Nh4 Bxg2 20.Nxg2 Ne4 21.Rxa8 Rxa8 22.Ra1 Ra4
23.d5 Nxc3 24.Qxc3 Qxd5 25.cxd6 Rxa1+ 26.Qxa1 cxd6 27.Ne3 Qc6 28.Qd4 Nb6
29.h4 e5 30.Qg4 d5 31.Nf5 Qf6 32.e4 d4 33.Qe2 Nc4 34.Qa2 Kh7 35.Qa7 Nd6 36.Qe7 Qxe7
37.Nxe7 Nxe4 38.Nc6 f6  0-1

[Event "13th Dubai Open"]
[Site "Dubai UAE"]
[Date "2011.04.10"]
[Round "1"]
[White "Hammer,J"]
[Black "Sanal,V"]
[Result "0-1"]
[WhiteElo "2606"]
[BlackElo "2200"]

1.d4 Nf6 2.c4 e6 3.Nf3 b6 4.g3 Ba6 5.Qc2 c5 6.d5 exd5 7.cxd5 g6 8.e4 Bxf1
9.Kxf1 Bg7 10.Bf4 d6 11.Nc3 O-O 12.Rd1 Ng4 13.Kg2 Ne5 14.Ng1 Nbd7 15.Bc1 c4
16.Nge2 Nd3 17.Be3 a6 18.Nd4 b5 19.b3 N7c5 20.bxc4 bxc4 21.f3 Qa5 22.Nce2 Qa3
23.Bg5 Rfb8 24.Rb1 c3 25.Nc6 Rb2 26.Rxb2 cxb2 27.Be7 Qxa2  0-1

[Event "Vorobets Memorial"]
[Site "Lviv UKR"]
[Date "2011.04.14"]
[Round "10"]
[White "Zheliandinov,V"]
[Black "Yildiz,B"]
[Result "0-1"]
[WhiteElo "2378"]
[BlackElo "2219"]

1.d4 Nf6 2.c4 e6 3.Nf3 b6 4.g3 Ba6 5.b3 b5 6.Bg2 bxc4 7.Ne5 c6 8.bxc4 Qc7
9.Qa4 Bb7 10.c5 Bxc5 11.Nd2 Be7 12.Rb1 O-O 13.Ndc4 Nd5 14.Qb3 Ba6 15.Bd2 d6
16.Nd3 Nd7 17.Rc1 Rab8 18.Qa3 Bxc4 19.Rxc4 Rb1+ 20.Rc1 Rxc1+ 21.Qxc1 Qb6
22.O-O Rc8 23.Qc4 N5f6 24.e4 d5 25.exd5 exd5 26.Qa4 Ne4 27.Be3 Ndf6 28.Bh3 Rc7
29.Rc1  0-1

[Event "11th BCC Thailand Open"]
[Site "Pattaya THA"]
[Date "2011.04.14"]
[Round "6.9"]
[White "L'Ami,Alina"]
[Black "Bakre,T"]
[Result "1/2-1/2"]
[WhiteElo "2297"]
[BlackElo "2530"]

1.d4 Nf6 2.c4 e6 3.Nf3 b6 4.g3 Ba6 5.b3 d5 6.Bg2 Bb4+ 7.Bd2 Bd6 8.Nc3 O-O
9.cxd5 exd5 10.O-O Nbd7 11.Nh4 Re8 12.Re1 Bb7 13.Nb5 Ne4 14.Nxd6 Nxd6 15.Rc1 Ne4
16.b4 Nf8 17.Nf3 Ne6 18.Bc3 Qf6 19.Rf1 c5 20.bxc5 bxc5 21.Ba1 c4 22.Ne5 Nd6
23.Nxc4 Nxc4 24.Rxc4 dxc4 25.Bxb7 Rab8 26.Bc6 Red8 27.d5 c3 28.Qd3 Nd4 29.Bxc3 Nxe2+
30.Qxe2 Qxc3 31.a4 g6 32.Qe7 a5 33.Kg2 Qb4 34.Qa7 Qb6 35.Qe7 Rbc8 36.Re1 Qc7
37.Qg5 Qd6 38.h4 h5 39.Re6 Rxc6 40.Rxd6 Rcxd6 41.f4 Rxd5 42.Qe7 R8d7 43.Qe8+ Kg7
44.Kh3 R7d6 45.Qe1 Re6 46.Qc3+ Kh7 47.Qc7 Rf5 48.Qd7 Re4 49.Qc6 Rb4 50.Kh2 Rb3
51.Kg2 Kg7 52.Kh2 Ra3 53.Kg2 Ra2+ 54.Kh3 Kh7 55.Qc4 Rb2 56.Qc3 Rb4 57.Qc6 Rd4
58.Kg2 Rfd5 59.Qc7 Kg8 60.Qc8+ Rd8 61.Qc7 R4d5 62.Qc6 R8d7 63.Qc8+ Kh7 64.Qc3 Rd2+
65.Kh3 Rd1 66.Qc4 R1d2 67.Qc3 Ra2 68.Qc4 Ra3 69.f5 Rf3 70.fxg6+ fxg6 71.Qc5 Rf5
72.Qc6 Re7 73.Qd6 Ref7 74.Qb6 Rg7 75.Qb1 Rc5 76.Qb6 Re5 77.Qd6 Re4 78.Qc6 Rb4
79.Qe8 Rbb7 80.Qe5  1/2-1/2

[Event "Caissa IM April 2011"]
[Site "Kecskemet HUN"]
[Date "2011.04.19"]
[Round "4.5"]
[White "Holm,Kristian Stuvik"]
[Black "Varga,Kl"]
[Result "1/2-1/2"]
[WhiteElo "2240"]
[BlackElo "2148"]

1.d4 Nf6 2.c4 e6 3.Nf3 b6 4.g3 Ba6 5.Nbd2 Bb4 6.Qa4 c5 7.a3 Bxd2+ 8.Bxd2 cxd4
9.Bg2 Bb7 10.O-O Bc6 11.Qd1 Bxf3 12.Bxf3 Nc6 13.Bf4 O-O 14.Bd6 Re8 15.Bxc6 dxc6
16.Qxd4 e5 17.Qd3 e4 18.Qd1 Qd7 19.Kg2 Qe6 20.c5 Nd5 21.Qa4 b5 22.Qc2 Qg4
23.h3 Qg6 24.a4 a6 25.Rfd1 Qe6 26.Rd4 h5 27.axb5 axb5 28.Rxa8  1/2-1/2

[Event "VII Lubuska Open"]
[Site "Gorzow POL"]
[Date "2011.04.21"]
[Round "3"]
[White "Klim,K"]
[Black "Aliavdin,N"]
[Result "0-1"]
[WhiteElo "2310"]
[BlackElo "2387"]

1.d4 Nf6 2.c4 e6 3.Nf3 b6 4.g3 Ba6 5.Qa4 Bb7 6.Bg2 c5 7.O-O cxd4 8.Nxd4 Bxg2
9.Kxg2 Be7 10.Nc3 O-O 11.e4 d6 12.f3 Qc7 13.Be3 Rc8 14.Rac1 Nbd7 15.Qd1 Qxc4
16.Ncb5 Qb4 17.Rxc8+ Rxc8 18.Nxa7 Re8 19.Rf2 Bf8 20.Ndb5 Qa5 21.b4 Qa6 22.a4 Ra8
23.a5 Rxa7 24.Nxa7 Qxa7 25.Qa1 Qa6 26.Bd4 b5 27.Rc2 e5 28.Bf2 d5 29.Rc7 dxe4
30.Ra7 exf3+ 31.Kg1 Qe6 32.a6 e4 33.Be3 Nd5 34.Rxd7 Qxd7 35.a7 Qh3 36.Qf1 Qxf1+
37.Kxf1 Nc7 38.Bd2 f5 39.Bf4 Na8  0-1

[Event "Joao Braga Open"]
[Site "Sao Paolo BRA"]
[Date "2011.04.21"]
[Round "3.29"]
[White "de Carvalho,Igor Lorenzon"]
[Black "Gazel,F"]
[Result "0-1"]
[WhiteElo "1877"]
[BlackElo "2282"]

1.d4 Nf6 2.c4 e6 3.Nf3 b6 4.g3 Ba6 5.Qc2 Bb7 6.Bg2 c5 7.O-O cxd4 8.Nxd4 Bxg2
9.Kxg2 Bc5 10.Rd1 O-O 11.Nb5 a6 12.Nd6 Qc7 13.Qd3 Nc6 14.Ne4 Nxe4 15.Qxe4 f5
16.Qd3 Ne5 17.Qc3 Be7 18.Be3 Nxc4 19.Bd4 e5 20.Bxe5 Qc6+ 21.Kg1 Nxe5 22.Qxe5 Bf6
23.Qe3 Rfe8 24.Qb3+ Kh8 25.e3 Rac8 26.Nc3 Bxc3 27.Qxc3 Qxc3 28.bxc3 Rxc3
29.Rxd7 Ra3 30.Rad1 Rxa2 31.Rd8 Rg8 32.R8d7 h5 33.Rf7 Ra5 34.Rd6 Rb5 35.Rb7 a5
36.Rbxb6 Rxb6 37.Rxb6 Ra8 38.Rb3 Kg8 39.Kf1 Kf7 40.Ra3 Ke6 41.Ke2 Kd5 42.Kd3 Kc5
43.Kc3 Kb5 44.Rb3+ Kc5 45.Ra3 g6 46.Ra4 Kb5 47.Rd4 a4 48.Kb2 Rc8 49.Ka3 Rc3+
50.Kb2 Rc4 51.Rd8 h4 52.Rb8+ Kc5 53.Rg8 hxg3 54.hxg3 Rb4+ 55.Ka3 Rg4 56.Rc8+ Kd5
57.Rd8+ Ke4 58.Rd4+ Kf3 59.Rxg4 Kxg4 60.Kxa4 Kf3 61.Kb4 Kxf2 62.Kc4 Kxe3  0-1

[Event "Branko Vukmanovic Mem Open"]
[Site "Tivat MNE"]
[Date "2011.04.21"]
[Round "6.12"]
[White "Vojinovic,J"]
[Black "Rajkovic,Du"]
[Result "1/2-1/2"]
[WhiteElo "2278"]
[BlackElo "2411"]

1.Nf3 Nf6 2.d4 e6 3.c4 b6 4.g3 Ba6 5.Nbd2 Bb4 6.Qc2 Bb7 7.Bg2 Be4 8.Qa4 Bxd2+
9.Bxd2 O-O 10.O-O d6 11.Rfd1 Qd7  1/2-1/2

[Event "VII Lubuska Open"]
[Site "Gorzow POL"]
[Date "2011.04.22"]
[Round "5"]
[White "Bartnicki,P"]
[Black "Aliavdin,N"]
[Result "0-1"]
[WhiteElo "2102"]
[BlackElo "2387"]

1.d4 Nf6 2.Nf3 e6 3.c4 b6 4.g3 Ba6 5.Qa4 Bb7 6.Bg2 c5 7.O-O cxd4 8.Nxd4 Bxg2
9.Kxg2 Be7 10.Rd1 Qc7 11.Kg1 a6 12.Nc3 O-O 13.Bf4 Qb7 14.Rac1 d6 15.Nf3 Rd8
16.Rd2 Ne8 17.b4 Nd7 18.Qb3 Rac8 19.Rdc2 h6 20.Be3 Nef6 21.h3 Rc7 22.Na4 Rdc8
23.b5 d5 24.Nd4 Nc5 25.Nxc5 Bxc5 26.a4 dxc4 27.Rxc4 Nd5 28.Nc6 Nxe3 29.fxe3 axb5
30.axb5 Rd7 31.Rxc5 bxc5 32.Rxc5 Ra8 33.Qc3 Rd1+ 34.Kg2 Raa1 35.e4 Rg1+ 36.Kf3 Raf1+
37.Kg4 f5+ 38.exf5 exf5+ 39.Rxf5 Rxf5 40.Kxf5 Qxb5+ 41.Ke6 Qxe2+ 42.Ne5 Rf1
43.Qb3 Kh7 44.h4 Qe4 45.Qc3 Rf6+ 46.Ke7 Qf5  0-1

[Event "Branko Vukmanovic Mem Open"]
[Site "Tivat MNE"]
[Date "2011.04.23"]
[Round "8.18"]
[White "Mitkov,M"]
[Black "Draskovic,L"]
[Result "1/2-1/2"]
[WhiteElo "2401"]
[BlackElo "2129"]

1.d4 Nf6 2.c4 e6 3.Nf3 b6 4.g3 Ba6 5.Qa4 c5 6.dxc5 Bxc5 7.Bg2 Bb7 8.O-O O-O
9.Rd1 Be7 10.Nc3 Na6 11.Bf4 Nc5 12.Qc2 Qc8 13.Rd4 d5 14.cxd5 exd5 15.Rdd1 Nce4
16.Rac1 Nxc3 17.Qxc3 Qxc3 18.Rxc3 Rac8 19.Rdc1 Rxc3 20.Rxc3 Rc8 21.Rxc8+ Bxc8
22.Bb8 a6 23.Nd4 Ne4 24.e3 f6 25.Ba7 b5 26.Bf3 Kf7 27.Bd1 Nd2 28.Nb3 Nxb3
29.Bxb3 Ke6 30.Kf1 Bd6 31.f4 f5 32.Bd4 g6 33.Ke2 Bd7 34.Bb6 Be7 35.Kd3 Bf6
36.Bd4 Be7 37.a3 Bd8 38.Ba2 Be7 39.b4 Bd8 40.Bg7 Be7 41.Kd4 Bc6 42.Be5 Bf8
43.Bb3 Be7 44.h3 Bf8 45.g4 Be7 46.g5 Bf8 47.h4 Be7 48.Bd1 Bf8 49.h5 Be7 50.h6 Bb7
51.Bc7 Bf8 52.Bb6 Bd6 53.Bb3 Bc6 54.Bc5 Bc7 55.Bd1 Bb7 56.a4 Bc6 57.a5 Bb8
58.Bf8 Ba7+ 59.Kd3 Bb8 60.Bg7 Bd6 61.Kc3 Bb8 62.Bd4 Bb7 63.Bc5 Bc6 64.Kd4 Bb7
65.Bb3 Bc6 66.Bd1  1/2-1/2

[Event "Caissa IM April 2011"]
[Site "Kecskemet HUN"]
[Date "2011.04.24"]
[Round "9.3"]
[White "Keresztes,R"]
[Black "Varga,Kl"]
[Result "1/2-1/2"]
[WhiteElo "2249"]
[BlackElo "2148"]

1.d4 Nf6 2.Nf3 e6 3.c4 b6 4.g3 Ba6 5.b3 Bb4+ 6.Bd2 Qe7 7.a3 Bxd2+ 8.Nbxd2 d6
9.Bg2 Bb7 10.O-O Nbd7 11.Qc2 O-O 12.e4  1/2-1/2

[Event "TCh-HUN 2010-11"]
[Site "Budapest HUN"]
[Date "2011.05.01"]
[Round "10"]
[White "Medvegy,Z"]
[Black "Rigo,Ja"]
[Result "0-1"]
[WhiteElo "2531"]
[BlackElo "2313"]

1.d4 Nf6 2.c4 e6 3.Nf3 b6 4.g3 Ba6 5.Qc2 Bb4+ 6.Bd2 Be7 7.e4 d5 8.cxd5 Bxf1
9.Kxf1 exd5 10.e5 Ne4 11.Nc3 Nxd2+ 12.Qxd2 O-O 13.Kg2 Qd7 14.Rhe1 Nc6 15.Qe2 Nd8
16.Rad1 Ne6 17.Ng1 g6 18.f4 Ng7 19.Nf3 c6 20.Rd3 Rac8 21.Qd2 a5 22.Rc1 Rfd8
23.Qd1 Qb7 24.Rc2 Ne6 25.Rdd2 b5 26.Qe2 Rc7 27.Qd3 Ng7 28.Rd1 Nf5 29.g4 Ng7
30.f5 Bf8 31.Rdc1 Rdc8 32.Kh1 a4 33.Rg2 a3 34.bxa3 Bxa3 35.Rf1 Bb4 36.Ne2 c5
37.Qe3 cxd4 38.Nfxd4 Bc5 39.e6 Re8 40.Qe5 Rf8 41.Rgf2 f6 42.Qf4 g5 43.Qd2 Ne8
44.Rf3 Nd6 45.Rb3 b4 46.Qd3 Qa8 47.Rb2 Nc4 48.Rc2 Ra7 49.Qf3 Rd8 50.Nb3 Be7
51.Ned4 Rc8 52.Rff2 Rac7 53.Qe2 Ne5 54.Rxc7 Rxc7 55.h3 Rc4 56.Rf1 Rc3 57.Kg2 Nc4
58.Rf3 Rxf3 59.Kxf3 Qb8 60.Kg2 Qf4 61.Qf3 Qd6 62.Qg3 Qb6 63.Qf3 Qb7 64.Qe2 Kf8
65.Nf3 Bd6 66.Qd3 Ke7 67.Nbd2 Qa6 68.Kf2 Qxa2 69.Qxd5 Qa7+ 70.Ke2 Qe3+ 71.Kd1 Nb2+
72.Kc2 Qc3+ 73.Kb1 Nd3 74.Qb3 Qc1+ 75.Ka2 Be5 76.Nb1 Qe3 77.Nc3 Qxf3 78.Qa4 b3+  0-1

[Event "ch-UKR semi-final"]
[Site "Alushta UKR"]
[Date "2011.05.04"]
[Round "2.48"]
[White "Domnin,S"]
[Black "Martynov,Roman"]
[Result "1/2-1/2"]
[WhiteElo "2067"]
[BlackElo "2222"]

1.d4 Nf6 2.c4 e6 3.Nf3 b6 4.g3 Ba6 5.b3 c6 6.Bg2 d5 7.O-O Nbd7 8.Qc2 Rc8
9.Nbd2 c5 10.e3 Be7 11.Re1 O-O 12.Bb2 b5 13.Bf1 bxc4 14.bxc4 Nb6 15.Ne5 dxc4
16.Ndxc4 cxd4 17.Bxd4 Nxc4 18.Nxc4 Qd5 19.Bxf6 Bxf6 20.Rac1 Rc6 21.Red1 Qc5
22.Na3 Qxc2 23.Rxc2 Rxc2 24.Nxc2 Bxf1 25.Kxf1 Rc8 26.Na3 Rc5 27.Rd2 g5 28.Rc2 Rd5
29.h3 Kg7 30.Ke2 Ra5 31.Nc4 Rc5 32.e4 Be7 33.f4 h6 34.Kd3 Rc6 35.a4 Ra6 36.Ra2 Bc5
37.f5 Kf6 38.g4 Rc6 39.e5+ Ke7 40.Rb2 Kd7 41.Rb8 Rc8 42.Rxc8 Kxc8 43.Nd2 Kc7
44.Kc4 Bg1 45.f6 Bh2 46.Kd4 Bg1+ 47.Ke4 Kc6 48.Nb3 Bc5 49.Nd2 Bb4 50.Nf3 Ba3
51.h4 gxh4 52.Nxh4 Bc1 53.Nf3 a6 54.Kd4 Bb2+ 55.Kc4 Ba1 56.Nd4+ Kb6 57.a5+ Kb7
58.Nxe6 Bxe5 59.Nd8+ Kc7 60.Nxf7 Bxf6 61.Nxh6 Bg5 62.Nf7 Bd2 63.g5 Kd7 64.Kd5 Ke7
65.g6 Bxa5 66.Ne5 Kf6 67.Nd7+  1/2-1/2

[Event "TCh-SVK Extraliga 2010-11"]
[Site "Slovakia SVK"]
[Date "2011.05.06"]
[Round "9"]
[White "Tibensky,R"]
[Black "Zpevak,P"]
[Result "1/2-1/2"]
[WhiteElo "2401"]
[BlackElo "2391"]

1.d4 Nf6 2.c4 e6 3.Nf3 b6 4.g3 Ba6 5.Nbd2 Bb4 6.Qc2 Bb7 7.Bg2 c5 8.dxc5 Bxc5
9.O-O Nc6 10.a3 Be7 11.e4 Qc7 12.b3 d6  1/2-1/2

[Event "TCh-SVK Extraliga 2010-11"]
[Site "Slovakia SVK"]
[Date "2011.05.06"]
[Round "9"]
[White "Dydyshko,V"]
[Black "Cvek,R"]
[Result "1/2-1/2"]
[WhiteElo "2547"]
[BlackElo "2488"]

1.d4 Nf6 2.c4 e6 3.Nf3 b6 4.g3 Ba6 5.Qb3 Nc6 6.Nbd2 d5 7.Bg2 Qd7 8.cxd5 Qxd5
9.Qxd5 exd5 10.a3 O-O-O 11.b3 Bd6 12.Bb2 Rhe8 13.e3 h6 14.Bf1 Bxf1 15.Kxf1 a5
16.Ke2 Kb7 17.Rac1  1/2-1/2

[Event "FSIM May"]
[Site "Budapest HUN"]
[Date "2011.05.07"]
[Round "1.1"]
[White "Koczo,K"]
[Black "Sahu,Se"]
[Result "1/2-1/2"]
[WhiteElo "2233"]
[BlackElo "2227"]

1.d4 Nf6 2.c4 e6 3.Nf3 b6 4.g3 Ba6 5.b3 d5 6.cxd5 exd5 7.Bg2 Bb4+ 8.Bd2 Bd6
9.O-O Ne4 10.Nc3 Nxc3 11.Bxc3 O-O 12.Ne5 Bb7 13.Qc2 Nd7 14.Rfd1 Re8 15.Rac1 Nf6
16.e3 c6 17.Qb2 Qe7 18.Qa1 Rad8 19.Bb2 Bxe5 20.dxe5 Ng4 21.e4 dxe4 22.Bxe4 Qg5
23.Rxd8 Rxd8 24.Rd1 Nxf2 25.Rxd8+ Qxd8 26.Kxf2 Qd2+ 27.Kf3 Ba6 28.Qc1 Qe2+
29.Kf4 Qf2+ 30.Bf3 h6 31.h4 g5+ 32.hxg5 hxg5+ 33.Ke4 Qxg3 34.e6 c5 35.exf7+ Kxf7
36.Ke3 g4 37.Qd1 Qxf3+ 38.Qxf3+ gxf3 39.Kxf3 Bd3 40.Be5 Ke6 41.Bb8 Kd7 42.Ke3 Bb1
43.a3 Bc2 44.b4 c4 45.Kd4 Bd3 46.a4 Kc6 47.a5 bxa5 48.bxa5 a6 49.Kc3 Kb5
50.Bc7 Bf5  1/2-1/2

[Event "TCh-SVK Extraliga 2010-11"]
[Site "Slovakia SVK"]
[Date "2011.05.07"]
[Round "10"]
[White "Vavrak,P"]
[Black "Macak,S"]
[Result "1/2-1/2"]
[WhiteElo "2466"]
[BlackElo "2400"]

1.d4 Nf6 2.c4 e6 3.Nf3 b6 4.g3 Ba6 5.b3 d5 6.Bg2 c6 7.O-O Be7 8.Qc2 Nbd7
9.Rd1 O-O 10.Bf4 Nh5 11.Bc1 Nhf6 12.Bf4 Nh5  1/2-1/2

[Event "FSIM May"]
[Site "Budapest HUN"]
[Date "2011.05.09"]
[Round "3.1"]
[White "To,N"]
[Black "Sahu,Se"]
[Result "1-0"]
[WhiteElo "2340"]
[BlackElo "2227"]

1.d4 Nf6 2.c4 e6 3.Nf3 b6 4.g3 Ba6 5.Qa4 c5 6.dxc5 Bxc5 7.Bg2 Bb7 8.O-O O-O
9.Nc3 Ne4 10.Qc2 Nxc3 11.Qxc3 Nc6 12.b3 Qf6 13.Qxf6 gxf6 14.Rd1 Rfd8 15.Bf4 Rac8
16.Bd6 Ne7 17.Bxc5 bxc5 18.Rd2 Kf8 19.Rad1 Rc7 20.Ne1 Bxg2 21.Kxg2 Nc8 22.e4 Ke7
23.f4 d6 24.Nc2 Rcd7 25.Ne3 a6 26.f5 Na7 27.Rf1 Rf8 28.Rf4 Nc6 29.Rh4 Rh8
30.Rh6 Rdd8 31.Ng4 a5 32.Nxf6 a4 33.fxe6 fxe6 34.Nh5 axb3 35.axb3 Rb8 36.Nf4 Nd4
37.b4 Rxb4 38.Ra2 Kd7 39.Ng6 hxg6 40.Rxh8 Ke7 41.Rf2 Kd7 42.Rf7+ Kc6 43.Rc8+ Kb6
44.Rd8 Kc6 45.Rfd7 Rxc4 46.Rxd6+ Kb5 47.Rb8+ Ka5 48.h4 e5 49.Rxg6 Rb4 50.Rc8 c4
51.h5  1-0

[Event "Sten Open"]
[Site "Hradec Kralove CZE"]
[Date "2011.05.09"]
[Round "2"]
[White "Prachar,J"]
[Black "Svec,L"]
[Result "1-0"]
[WhiteElo "1875"]
[BlackElo "1769"]

1.d4 Nf6 2.c4 e6 3.Nf3 b6 4.g3 Ba6 5.Qa4 Be7 6.Bg2 Bb7 7.O-O O-O 8.Nc3 Ne4
9.Qc2 Nxc3 10.Qxc3 c5 11.Rd1 Bf6 12.Qc2 Nc6 13.dxc5 bxc5 14.Be3 Nb4 15.Qd2 Qb6
16.a3 Nc6 17.Rab1 Na5 18.Qc2 Qb3 19.Qxb3 Nxb3 20.Nd2 Nxd2 21.Rxd2 Bxg2 22.Kxg2 Rfc8
23.Rxd7 a5 24.Rb7 a4 25.Rb5 Be7 26.Rd1 Kf8 27.Rd7 Ke8 28.Rbb7 Bf6 29.Rxf7 Bxb2
30.Rbe7+ Kd8 31.Bg5  1-0

[Event "ch-Euro Indiv Women"]
[Site "Tbilisi GEO"]
[Date "2011.05.12"]
[Round "6"]
[White "Mamedjarova,Z"]
[Black "Abdulla,K"]
[Result "0-1"]
[WhiteElo "2342"]
[BlackElo "2168"]

1.d4 Nf6 2.c4 e6 3.Nf3 b6 4.g3 Ba6 5.Nbd2 Bb7 6.Bg2 c5 7.e4 cxd4 8.e5 Ng8
9.O-O d6 10.Re1 dxe5 11.Nxe5 Bxg2 12.Kxg2 Nd7 13.Qa4 Nf6 14.Ne4 Be7 15.Bf4 Qc8
16.Rad1 O-O 17.Nc6 Re8 18.Nxe7+ Rxe7 19.Nd6 Qf8 20.b4 e5 21.Bg5 Re6 22.Nf5 Qc8
23.Qb3 Qc6+ 24.Kf1 Rae8 25.Qd3 g6 26.Nh6+ Kg7 27.g4 Nf8  0-1

[Event "ch-CZE"]
[Site "Pardubice CZE"]
[Date "2011.05.14"]
[Round "3"]
[White "Polak,T"]
[Black "Krejci,Jan2"]
[Result "1-0"]
[WhiteElo "2526"]
[BlackElo "2489"]

1.d4 Nf6 2.c4 e6 3.Nf3 b6 4.g3 Ba6 5.b3 Bb4+ 6.Bd2 Be7 7.Nc3 O-O 8.Rc1 Ba3
9.Rc2 Nc6 10.Bc1 Bb4 11.a3 Bxc3+ 12.Rxc3 Ne4 13.Re3 d5 14.Bg2 Ne7 15.Qc2 Nf5
16.Rd3 Nfd6 17.Rd1 dxc4 18.bxc4 Bxc4 19.Ne5 Bd5 20.f3 Nf6 21.e4 Bb7 22.O-O Nd7
23.a4 f6 24.Nc6 Qe8 25.Bh3 Rf7 26.Rfe1 Nf8 27.d5 Bxc6 28.dxc6 Ng6 29.f4 f5
30.Rxd6 cxd6 31.exf5 Ne7 32.fxe6 Rf6 33.Bb2 Rh6 34.Qc3 Qf8 35.Bg2 Rc8 36.Bf3 Rg6
37.Kh1 Qe8 38.c7 Qxa4 39.Bb7 Kf8 40.Bxc8 Nxc8 41.f5 Rf6 42.Qf3  1-0

[Event "TCh-UKR Clubs 2011"]
[Site "Alushta UKR"]
[Date "2011.05.19"]
[Round "7.1"]
[White "Moiseenko,A1"]
[Black "Muhtarov,L"]
[Result "1-0"]
[WhiteElo "2679"]
[BlackElo "2131"]

1.d4 Nf6 2.c4 e6 3.Nf3 b6 4.g3 Ba6 5.Qb3 c6 6.Bg5 d5 7.cxd5 cxd5 8.Bxf6 gxf6
9.Nc3 Qd6 10.a3 Bg7 11.Rc1 O-O 12.e3 Bxf1 13.Kxf1 Nc6 14.Kg2 Na5 15.Qa2 Rfc8
16.Rc2 a6 17.Rhc1 Rc6 18.e4 dxe4 19.Nxe4 Qd7 20.b4 Rxc2 21.Qxc2 f5 22.bxa5 fxe4
23.Qxe4 Rb8 24.axb6 Rxb6 25.Qa8+ Bf8 26.Rc8 Qd6 27.Ne5 Rb5 28.Rd8 Qxa3 29.Nd7 Rd5
30.Rxf8+ Kg7 31.Rg8+ Kh6 32.Qd8  1-0

[Event "Serbian Cup 2011"]
[Site "Valjevo SRB"]
[Date "2011.05.19"]
[Round "4.6"]
[White "Solomunovic,I"]
[Black "Irizanin,R"]
[Result "1/2-1/2"]
[WhiteElo "2383"]
[BlackElo "2324"]

1.d4 Nf6 2.Nf3 e6 3.c4 b6 4.g3 Ba6 5.Qa4 Bb7 6.Bg2 c5 7.dxc5 bxc5 8.O-O Be7
9.Nc3 O-O 10.Bf4 d6 11.Rfd1 Qb6 12.Qb5 Rd8 13.Ne1 Bxg2 14.Nxg2 Nc6 15.Qxb6 axb6
16.Nb5 Ne8 17.g4 Bf6 18.Rd2 g5 19.Bg3 Ra4 20.Ne3 Na5 21.Rad1 Rxa2 22.Nxd6 Nxd6
23.Bxd6 Nb3 24.Rd3 Nd4 25.Bc7 Nxe2+ 26.Kf1 Rxd3 27.Rxd3 Nf4 28.Rd2 Ra6 29.h4 h6
30.hxg5 hxg5 31.Kg1 Bd4 32.b4 Ra3 33.Kh2 Bc3 34.Rd8+ Kg7 35.b5 Bd4 36.Bxb6 Ra2
37.Rxd4 cxd4 38.Bxd4+ e5 39.Bxe5+ f6 40.Bxf4 gxf4 41.Nf5+ Kf8 42.Kg2 Rc2
43.Kf3 Rxc4 44.b6 Rb4 45.b7 Rxb7 46.Kxf4 Rb4+ 47.Kg3 Kf7 48.f3 Rb1 49.Kf4 Rb4+
50.Kg3 Ra4 51.Nd6+ Ke6 52.Ne4 Ke5 53.Nf2 Ra3 54.Ne4 Ra1 55.Nc5 Rd1 56.Ne4 Rc1
57.Nf2 Rg1+ 58.Kh2 Ra1 59.Kg3 Ra3 60.Ne4 Ra8 61.Nc5 Rg8 62.Kf2 f5 63.gxf5 Kxf5
64.Nd3 Rd8 65.Ke3 Ra8 66.Ke2 Ke6 67.Ke3 Kd5 68.Nf2 Ra3+ 69.Kf4 Kd4 70.Ne4 Ra8
71.Ng3 Rf8+ 72.Nf5+ Kd5 73.Kg4 Ke5 74.f4+ Kf6 75.Ng3  1/2-1/2

[Event "Serbian Cup 2011"]
[Site "Valjevo SRB"]
[Date "2011.05.19"]
[Round "4.4"]
[White "Indjic,A"]
[Black "Kovacevic,A"]
[Result "1-0"]
[WhiteElo "2323"]
[BlackElo "2575"]

1.d4 Nf6 2.c4 e6 3.Nf3 b6 4.g3 Ba6 5.Qa4 Bb7 6.Bg2 c5 7.dxc5 bxc5 8.O-O Be7
9.Nc3 O-O 10.Bf4 d6 11.Rfd1 Qb6 12.Rab1 Bc6 13.Qc2 Rd8 14.Rd2 h6 15.Rbd1 e5
16.Be3 Ng4 17.Bh3 Nxe3 18.fxe3 Na6 19.Bf5 Rab8 20.Be4 Nc7 21.Bxc6 Qxc6 22.Nd5 Nxd5
23.Rxd5 Qa6 24.b3 Qc8 25.Rf1 Rf8 26.e4 h5 27.Ne1 Qe6 28.Ng2 Bg5 29.Qd3 Rb6
30.h4 Be7 31.Qf3 g6 32.Ne3 Kg7 33.Rf2 Bd8 34.Rd1 Ra6 35.Rd2 Rb6 36.Kh2 Rb8
37.Rd1 Rc8 38.Rdf1 Rc7 39.Rg2 Rh8 40.Kg1 Rd7 41.Rgf2 Rf8 42.Qg2 Rh8 43.Kh2 Rf8
44.Nd5 Rh8 45.Qh3 Qxh3+ 46.Kxh3 Rb7 47.Rf3 Rf8 48.Kg2 Re8 49.Kf2 Ba5 50.Ke3 Reb8
51.Rf6 Rd7 52.Kd3 Bd8 53.R6f3 Rdb7 54.Kc2 Rc8 55.a3 Rc6 56.Rg1 Rc8 57.Kc3 Ba5+
58.b4 Bd8 59.b5 Ra8 60.Rb1 Rab8 61.Kc2 Ba5 62.a4 Rf8 63.Rbf1 Rd7 64.Kb3 Rb7
65.Rf6 Rd7 66.R6f3 Rb7 67.Rd3 Rd8 68.Ne3 Rdd7 69.Rfd1 Bc7 70.a5 Bxa5 71.Ka4 Bc7
72.Nd5 Bd8 73.Ne3 Bc7 74.Ra3 a6 75.Nd5 axb5+ 76.cxb5 Bd8 77.Rb1 Bb6 78.Kb3 c4+
79.Kxc4 Rd8 80.Ra6 Rc8+ 81.Kd3 Bf2 82.b6 Rcb8 83.Kc4 Rc8+ 84.Kd3 Rcb8 85.e3 Bxg3
86.Rh1 g5 87.hxg5 h4 88.Kc4 Rc8+ 89.Kd3 Rc5 90.Rb1 h3 91.Ke2 Bh4 92.Kf3 Bxg5
93.Kg4 Bd8 94.Kxh3 f5 95.Ra7 Rxa7 96.bxa7 Ra5 97.Rb8 Rxa7 98.Rxd8 fxe4 99.Rxd6 Ra1
100.Kg4 Rf1 101.Re6  1-0

[Event "ch-Siberia Men"]
[Site "Barnaul RUS"]
[Date "2011.05.23"]
[Round "4"]
[White "Larin,M"]
[Black "Pavlov,O"]
[Result "1-0"]
[WhiteElo "1982"]
[BlackElo "2263"]

1.d4 Nf6 2.c4 e6 3.Nf3 b6 4.g3 Ba6 5.Qc2 c5 6.d5 exd5 7.cxd5 Bb7 8.Bg2 Bxd5
9.Nc3 Bc6 10.e4 Be7 11.O-O Na6 12.Ne5 Bb7 13.Bg5 O-O 14.Rad1 d6 15.Nc4 Nb4
16.Qb3 Ne8 17.Bf4 Qd7 18.a3 Nc6 19.Nb5 Qe6 20.Rfe1 Ne5 21.Bxe5 dxe5 22.Nc3 Nd6
23.Nd5 Nxc4 24.Qxc4 Rfd8 25.Bh3 Qxh3 26.Nxe7+ Kf8 27.Nf5 g6 28.Nd6 Qd7 29.Nxb7 Qxb7
30.Rd5 Rxd5 31.exd5 Qc7 32.b4 Qd6 33.bxc5 bxc5 34.Rc1 Rc8 35.h4 h5 36.Rc3 Rc7
37.Kf1 Kg7 38.Kg1 f5 39.Kg2 Kf6 40.Rc2 Ke7 41.Kf1 a6 42.Ke2 Kf6 43.Kf1 Qb6
44.a4 a5 45.Kg1 Ke7 46.Qc3 Kd6 47.Re2 Re7 48.Rb2 Qa7 49.Rb5 Rb7 50.f4 exf4
51.gxf4 c4+ 52.Kg2 Rxb5 53.Qe5+ Kc5 54.Qe3+ Kxd5 55.Qxa7 Rb2+ 56.Kf3 c3 57.Qxa5+ Kc4
58.Ke3 Rb1 59.Qa6+ Kb3 60.Qb5+ Ka2 61.Qe2+ Kb3 62.Kd3 Rc1 63.a5 c2 64.Qe6+ Kb2
65.Qb6+ Ka1 66.Kd2 Rb1 67.Kxc2  1-0